| 000 | 00404pab a2200145 454500 | ||
|---|---|---|---|
| 008 | 180718b1989 xxu||||| |||| 00| 0 eng d | ||
| 100 | _aO'Reilly, Charles | ||
| 245 |
_aCorporations, culture, and commitment _bMotivation and social control in organisations |
||
| 260 | _c1989 | ||
| 300 | _a9-25 | ||
| 362 | _aSummer | ||
| 650 | _aOrganisation | ||
| 773 | _aCalifornia Management Review | ||
| 909 | _a14541 | ||
| 999 |
_c14541 _d14541 |
||